[Event "CAN-ch U12"]
[Site "Sault Ste Marie"]
[Date "2017.07.07"]
[Round "4.66"]
[White "Shi, Kevin"]
[Black "Feng, Richard"]
[Result "1/2-1/2"]
[WhiteElo "799"]
[BlackElo "1164"]
[PlyCount "40"]
[EventDate "2017.07.06"]
[EventType "swiss"]
[EventRounds "7"]
[EventCountry "CAN"]
[SourceTitle "EXT 2022"]
[Source "ChessBase"]
[SourceDate "2021.10.06"]
[SourceVersion "1"]
[SourceVersionDate "2021.10.06"]
[SourceQuality "1"]

1. e4 c5 2. Nf3 d6 3. Nc3 Nf6 4. Bc4 Bg4 5. h3 Bh5 6. Be2 e6 7. d4 Bxf3 8. Bxf3 cxd4 9. Qxd4 Be7 10. e5 Nc6 11. Bxc6+ bxc6 12. exf6 Bxf6 13. Qd3 0-0 14. 0-0 d5 15. Qg3 Kh8 16. Bf4 Be7 17. Rfe1 Qd7 18. Rad1 Rfe8 19. Rd3 f6 20. Qg4 Bc5 1/2-1/2